000 00777nam a2200229 u 4500
001 000023250
003 OSt
005 20200930022104.0
008 101201s1985 xxu 000 0 spa d
020 _a0829714138
040 _aDO-SdBNP
_bspa
_cBNPHU
082 _a133.3
_bL752L
100 1 _aLindsey, Hal.
_947883
245 1 3 _aLa agonia del gran planeta tierra :
_bpenetrante mirada a las increibles profecías bíblicas referentes a nuestros tiempos /
_cHal Lindsey y C. C. Carlson ; traducción M. Francisco Liévano R.
260 _aMiami, Florida :
_bEditorial Vida,
_c1985.
300 _a254 p. ;
_c18 cm.
650 4 _aSueños
_941871
700 1 _aCarlson, C. C.
_947884
700 1 _aLiévano R., M. Francisco,
_etr.
_941134
942 _2ddc
_cLF1
956 _aLOPEREZ
999 _c22747
_d22747